00359nam a22001337a 4500003000400000008004100004020001800045100003100063245006000094250001200154260002800166300000900194650002200203OSt201119b ||||| |||| 00| 0 eng d a9789380896014 aJain, M.L and Sikka ,I.S.  aCalculus (Differential and Integral Sem-I B.A./B.Sc.-I) a19th Ed aDelhibJeevansonsc2020 aMics aB.Sc. Non Medical